| 000 | 00357 a2200145 4500 | ||
|---|---|---|---|
| 999 |
_c12871 _d12871 |
||
| 003 | OSt | ||
| 005 | 20240727144847.0 | ||
| 008 | 240727b ||||| |||| 00| 0 eng d | ||
| 020 | _a9781781577325 | ||
| 100 | _a Annegien Schilling | ||
| 245 | _aImagine. Shoot. Create.: Creative Photography | ||
| 260 |
_b Ilex Press _c2019 |
||
| 300 | _a159p; | ||
| 942 | _2ddc | ||